| 000 | 00734nam a2200265Ia 4500 | ||
|---|---|---|---|
| 003 | OSt | ||
| 005 | 20221005132543.0 | ||
| 006 | a|||||r|||| 00| 0 | ||
| 007 | ta | ||
| 008 | 221004b |||||||| |||| 00| 0 ben d | ||
| 020 | _cIndian Rupees 1.25 | ||
| 024 | _a39206 | ||
| 037 |
_bGift, 10/09/2018, _cTextual |
||
| 040 |
_aCRL _cCRL _bben |
||
| 041 |
_2ben _aben |
||
| 082 | _aO157,3M63x, L4 | ||
| 100 |
_aRaychawdhury Upendra Kishore Au. _9641312 |
||
| 245 | 0 | _aTuntunir boi | |
| 260 | _c1974 | ||
| 300 |
_a169p. _ccm. |
||
| 650 | _a BENGALI LITERATURE | ||
| 650 | _aBENGALI FICTION | ||
| 942 |
_hO157,3M63x, L4 _cTEXL _2cc |
||
| 999 |
_c1063980 _d1063980 |
||